Ze soudní síně /

Hlavní autor: Herman, Arnošt, 1932-2020
Jazyk: Čeština
Vydáno: V Ústí nad Labem : Severočeská vědecká knihovna spolu se Severočeským klubem spisovatelů, 2012
Témata:
Fyzický popis: 58 s. ; 21 cm
Knihy
Uloženo v:
LEADER 01313cam a2200373 a 4500
001 nkc20122379013
003 CZ PrNK
005 20121210104907.0
007 ta
008 120517s2012 xr e 000 j cze d
015 |a cnb002379013 
020 |a 978-80-7055-183-7  |q (Severočeská vědecká knihovna ;  |q brož.)  |z 183-7 
035 |a (OCoLC)817047602 
040 |a ULG001  |b cze  |d ABA001 
072 7 |a 821.162.3-3  |x Česká próza  |2 Konspekt  |9 25 
080 |a 821.162.3-32  |2 MRF 
080 |a (0:82-32)  |2 MRF 
080 |a (046)34  |2 MRF 
100 1 |a Herman, Arnošt,  |d 1932-2020  |7 jk01040836  |4 aut 
245 1 0 |a Ze soudní síně /  |c Arnošt Herman 
260 |a V Ústí nad Labem :  |b Severočeská vědecká knihovna spolu se Severočeským klubem spisovatelů,  |c 2012 
300 |a 58 s. ;  |c 21 cm 
500 |a Vychází u příležitosti 80. narozenin autora 
504 |a Obsahuje bibliografii 
655 7 |a české příběhy  |7 fd133973  |2 czenas 
655 7 |a soudničky  |7 fd133558  |2 czenas 
655 9 |a Czech stories  |2 eczenas 
655 9 |a legal stories  |2 eczenas 
910 2 |a BOA001  |b 2-1292.916 
928 9 |a Severočeský klub spisovatelů 
990 |a BK 
995 |a 01 
991 |b 201211  |e b 
996 6 |b 2610526836  |c 2-1292.916  |l MZK  |r Sklad / do 1 hodiny  |n 0  |p p.v.  |w 001294996  |u 000010  |a 1  |e BOA001  |j MZK50  |s P